| 000 | 00948nam a22002777a 4500 | ||
|---|---|---|---|
| 005 | 20120510105148.0 | ||
| 008 | 120510t xxu||||| |||| 00| 0 eng d | ||
| 010 | _aENG-105237 | ||
| 020 |
_a9788124606032 _c100.00 |
||
| 020 |
_a812460603x _c100.00 |
||
| 035 | _aEN-88770 | ||
| 037 | _bDBAD/PUB | ||
| 040 |
_aDPL _bEng |
||
| 082 | _a190 | ||
| 100 |
_a Narayanaprasad, Muni _946773 |
||
| 245 |
_aPure philosophy simplified for youth / _cby Swami Muni Narayanaprasad |
||
| 260 |
_aNew Delhi _bD.K. Printworld _c2011 |
||
| 270 |
_a'Srikunj', F-52, Bali Nagar, Ramesh Nagar Metro Station _bNew Delhi _e15 |
||
| 300 |
_aviii,78p. _c22cm(pbk) |
||
| 500 | _aIncludes index | ||
| 650 |
_aPhilosophy, Modern _946774 |
||
| 650 |
_aLife _946776 |
||
| 650 |
_aHindu philosophy _946778 |
||
| 942 |
_2ddc _cEN _h190 _mNAR |
||
| 999 |
_c66401 _d66401 |
||